Personnalités francophones du Canada - Statistiques

Statistiques générales
  • Ce quiz a été pris 40 fois
  • Le résultat moyen est 6 sur 24
Statistiques - réponses
Par images Réponse % Correct
Gilles Villeneuve
64%
Roch Voisine
58%
Félix Leclerc
36%
Gilles Vigneault
36%
Mario Lemieux
36%
Samuel de Champlain
36%
Louis Riel
33%
Maurice Richard
33%
Julien Poulin
30%
René Lévesque
30%
Maurice Duplessis
27%
Antonine Maillet
21%
Jeanne Mance
21%
Lucien Bouchard
21%
André-Philippe Gagnon
18%
Henri Bourassa
18%
Lionel Groulx
15%
Mathieu Bock-Côté
15%
Mgr François de Laval
15%
Pierre Le Moyne d'Iberville
15%
Yannick Bisson
15%
André Laurence
12%
Gabriel Dumont
12%
Marie de l'Incarnation
12%
Aucun quiz correspondant
Distribution des résultats
% des personnes avec chaque résultat
Percentile par nombre de réponses
Votre historique - résultats
Vous n’avez pas pris ce quiz